• 首页
  • 本馆介绍
  • 公告通知
  • 最新文献
  • 馆藏检索
  • 电子资源
  • 读者导购
  • 参考咨询
  • 我的图书馆
  • 登录
  • 详细信息显示
  • 放入我的书架
  • 预约/预借图书
  • 作者相关作品
  • 分类相关作品
  • 丛书相关作品
  • 出版社相关作品

书目信息

  • 表格格式
  • 工作单格式
  • 卡片格式
题名:
沃顿商学院自我管理课
    
 
作者: 弗里德曼 著 ;郭慧泉 译
分册:  
出版信息: 北京   北京联合出版公司  2016
页数: 225页
开本: 24cm
丛书名:
单 册:
中图分类: C912.1 , C912.1-49
科图分类:
主题词: 自我管理--通俗读物
电子资源:
ISBN: 978-7-5502-7129-6
000 01165nam0 2200265 450
001 2107
005 20161205095308.25
010    @a978-7-5502-7129-6@b精装@dCNY48.00
100    @a20160411d2016 em y0chiy50 ea
101 1  @achi@ceng
102    @aCN@b110000
105    @ay z 000yy
200 1  @a沃顿商学院自我管理课@9wo dun shang xue yuan zi wo guan li ke@dLeading the life you want: skills for integrating work and life@zeng@f(美)斯图尔特·弗里德曼(Stewart D. Friedman)著@g郭慧泉译
210    @a北京@c北京联合出版公司@d2016
215    @a225页@d24cm
300    @a名校公开课
330    @a本书作者深度采访了六位杰出人士,分析他/她们如何凭借已有的知识或直觉、以及自身所拥有的独特技能进行自我管理,在复杂现实生活中活出了自己想要的生活,并实现生活中不同部分之间的和谐,从而取得工作和生活的双赢。
510 1  @aLeading the life you wan@eskills for integrating work and life@zeng
606 0  @a自我管理@j通俗读物
690    @aC912.1@v5
690    @aC912.1-49@v4
701  0 @a弗里德曼@9fu li de man@c(美)@c(Friedman, Stewart D.)@4著
702  0 @a郭慧泉@9guo hui quan@4译
801  0 @aCN@b大连网信软件有限公司图书馆·11@c20161205
905    @aZUCC@dC912.1@e956
    
    沃顿商学院自我管理课=Leading the life you want: skills for integrating work and life/(美)斯图尔特·弗里德曼(Stewart D. Friedman)著/郭慧泉译.-北京:北京联合出版公司,2016
    225页;24cm
    名校公开课
    
    ISBN 978-7-5502-7129-6(精装):CNY48.00
    本书作者深度采访了六位杰出人士,分析他/她们如何凭借已有的知识或直觉、以及自身所拥有的独特技能进行自我管理,在复杂现实生活中活出了自己想要的生活,并实现生活中不同部分之间的和谐,从而取得工作和生活的双赢。
●
相关链接 在E读中查询图书 在五车中查询图书 在当当中查询图书 在豆瓣中查询图书


正题名:沃顿商学院自我管理课     索取号:C912.1/956         预约/预借

序号 登录号 条形码 馆藏地/架位号 状态 备注
1 910516   209105163   第一样本阅览室/ [索取号:C912.1/956] 在馆    
2 910517   209105172   第一借阅区/ [索取号:C912.1/956] 在馆    
3 910518   209105181   第一借阅区/ [索取号:C912.1/956] 在馆    
4 910519   209105190   第一借阅区/ [索取号:C912.1/956] 在馆    
5 910520   209105207   第一借阅区/ [索取号:C912.1/956] 在馆    
唐山师范学院图书馆 欢迎您!
大连网信软件有限公司© 版权所有